Nulla accade per caso, nemmeno tu

Salvato in:
Dettagli Bibliografici
Autore principale: Ege
Natura: Libro
Lingua:inglese
Pubblicazione: 2018
Tags: Aggiungi Tag
Nessun Tag, puoi essere il primo ad aggiungerne!!

MARC

LEADER 00000nam a2200000 4500
003 NP
005 20260306174956.0
008 260306b |||||||| |||| 00| 0 eng d
020 |a 9791220034241 
040 |c NP 
100 |a Ege 
245 |a Nulla accade per caso, nemmeno tu  |c Ege 
260 |c 2018 
942 |2 ddc  |c BK  |n 0 
952 |0 0  |1 0  |2 ddc  |4 0  |6 853_920000000000000_EGE_NUL  |7 0  |9 33251  |a RO  |b RO  |d 2026-03-06  |l 0  |o 853.92 EGE NUL  |p 11779  |r 2026-03-06 17:51:10  |w 2026-03-06  |x N92  |y BK 
999 |c 28876  |d 28876